Statistics for Country flags starting with letter U

Click here to take the quiz!

General Stats

  • This quiz has been taken 20 times
  • The average score is 6 of 7

Answer Stats

Answer% Correct
Uganda
100%
United Kingdom
100%
United States
100%
Uruguay
100%
Ukraine
87%
Uzbekistan
87%
United Arab Emirates
73%

Score Distribution

Percentile by Number Answered

Percent of People with Each Score

Your Score History

You have not taken this quiz